Some Synthwave Performers by Their Popular Works - Statistics

General Stats
  • This quiz has been taken 8 times
  • The average score is 8 of 15
Answer Stats
Performer Musical compositions % Correct
Carpenter Brut Turbo Killer / Roller Mobster / Run, Sally, Run!
86%
Kavinsky Nightcall / ProtoVision / First Blood
86%
Gost Reign in Hell / Maleficarium / Genesee Avenue
71%
Lazerhawk King of the Streets / To the Top / Built to Kill
71%
Magic Sword In the Face of Evil / Sword of Truth / Uprising
71%
Miami Nights 1984 Accelerated / Only When It's Dark / Pavement Surfing
71%
Perturbator Sexualizer / Humans Are Such Easy Prey / Miami Disco
71%
Dance With The Dead Dressed to Kill / Skeletons in the Attic / Robeast
57%
Daniel Deluxe Corruptor / Sector (Ghostrunner OST) / Instruments of Retribution
43%
Dan Terminus Restless Destroyer / Giant Golden Naked Woman / The Wrath of Code
43%
Trevor Something Into Your Heart / Your Sex is a Dream / Mechanical Love
43%
Gunship Pink Mist / Tech Noir / Black Sun on the Horizon
29%
Cobra Copter Ultimate Ninja / Ninja Destiny / The Chosen One
14%
Starcadian Ultralove / Pompey Pirate / Sgt. Tagowski
14%
The Midnight Shadows / River of Darkness / Saturday Mornings
14%
No matching quizzes found
Score Distribution
Percent of People with Each Score
Percentile by Number Answered
Your Score History
You have not taken this quiz